00000000nam##2200000za#4500
0019.528077
003CaOODSP
00520200326164521
007ta
008150406|1997||||xxc|||||     f|0| 0 fre|d
020 |a0-660-60121-4
040 |aCaOODSP|bfre
041 |aeng
041 |afre
043 |an-cn---
0861 |aBT31-2/1998-III-81
1101 |aCanada. |bConseil du trésor.
24510|aAgence de promotion économique du Canada atlantique
2461 |iTitre alternatif : |aUn rapport sur les plans et les priorités: document pilote
260 |aOttawa - Ontario : |bSecrétariat du Conseil du Trésor du Canada |c1997.
300 |aTexte français, 66p. : |bgraphiques, organigramme, tableaux ; |c28 cm.
4901 |aBudget des dépenses 1997-1998, partie III: Plan de dépenses
500 |aN.B.: Un rapport sur les plans et les priorités: document pilote.
546 |aBilingue
563 |aCouverture souple
590 |a97-08|b1997-02-21
7760#|tAtlantic Canada Opportunities Agency, 1997-98 estimates, a report on plans and priorities, pilot document |w(CaOODSP)9.567611
791 |tAtlantic Canada Opportunities Agency |eeng|w(CaOODSP)9.528076
830#0|aBudget des dépenses 1997-1998, partie III: Plan de dépenses.|w(CaOODSP)9.508959